000 00663nam a22002417a 4500
003 UA-OsUOA
001 50161
007 ta
008 20140526b un ||||| |||| 00| 0 ukr d
090 _a082
_bУ45
942 _cBK
040 _aUA-OsUOA
_bukr
_cUA-OsUOA
_dUA-OsUOA
245 _aУкраїна в минулому
300 _a215 с.
955 _a1
041 _aukr
080 _a082
260 _aК.; Львів
_c1994
246 3 1 _aВипуск 5
650 7 _a08 Видання. Колективні праці
_2UDC
999 _c430293
_d430293